1705 1040 1843 1024 1450 1543 1302 1347 1272 1901 1221 1409 1406 1083 1902 1126 1191 1154 1055 1811 1400 1044 1408 1004 1353 1515 1219 1932 1798 1422 1703 1306 1717 1928 1641 1277 1092 1743 1714 1181 1653 1640 1620 1497 1586 1117 1468 1182 1886 1957 1848 1567 1556 1441 1057 1335 1318 1582 1548 1356 1999 1423 1899 1652 1715 1309 1842 1503 1186 1667 1567 1955 1979 1824 1616 1660 1654 1082 1688 1336 1342 1965 1522 1582 1411 1953 1251 1863 1443 1755 1867 1675 1497 1073 1490 1587 1055 1016 1018 BCNSPRNW ULIB Ver.6.0+V

เปลี่ยนเป็นภาษาไทย

Change to English
 แสดงรายละเอียดบรรณานุกรม
  กลับหน้าหลัก

Brief Record : Get Marc (ISO 2709) : E-mail record : QR code < ปิดหน้าต่าง
LEADER : 00000nam 2200000uu 4500
001    13399112541
003     ULIB
008    110823s2552||||th 000 0 tha d
020    9786169005575
090    นว.^bว617พ 2552
100 0  วินุตตา
245 00 พิรุณลายไฟ/^cวินุตตา
250    พิมพ์ครั้งที่ 1
260    กรุงเทพฯ :^bอินเลิฟ,^c2552
300    255 หน้า
710 1  อินเลิฟ
945    ^p199^l0^i17065
995    กัณชพร
999     ^aใช้งานได้ทุกระบบ
รายการนี้ยังไม่มีแท็ก
คุณยังไม่ได้ล็อกอิน คุณสามารถมีกิจกรรมร่วมกับเว็บไซต์ได้ แต่ต้องล็อกอินก่อน ::
  ล็อกอิน

รายการสื่อสารสนเทศ

ลำดับที่ ประเภท เลขเรียก/บาร์โค้ด สถานที่ สถานะ
1. นวนิยาย
นวนิยาย
นว. ว617พ 2552  
  Barcode: 17065
ห้องสมุดวิทยาเขตสวรรค์ประชารักษ์
►นวนิยาย
บนชั้น
  ขอยืม

รายการใกล้เคียง
    ผู้แต่ง [วินุตตา]

BibComment


ยังไม่เคยถูกคอมเมนท์

คอมเมนท์ทรัพยากรรายการนี้
  คอมเมนท์: พิรุณลายไฟ วินุตตา


 Copyright 2026. Bcnsprnw @Library